Building electronic commerce : With web database constructions

Na minha lista:
Detalhes bibliográficos
Autor principal: Anne Nelson
Formato: Livro
Idioma:Undetermined
Publicado em: Boston, MA. Addison-Wesley 2002
Assuntos:
Tags: Adicionar Tag
Sem tags, seja o primeiro a adicionar uma tag!
Thư viện lưu trữ: Trung tâm Học liệu Trường Đại học Cần Thơ
LEADER 00538nam a2200181Ia 4500
001 CTU_54870
008 210402s9999 xx 000 0 und d
020 |b 953000 
082 |a 658.8'4 
082 |b N425 
100 |a Anne Nelson 
245 0 |a Building electronic commerce : With web database constructions 
245 0 |c Anne Nelson and William H. M. Nelson 
260 |a Boston, MA. 
260 |b Addison-Wesley 
260 |c 2002 
650 |a electronic commerce,web sites 
980 |a Trung tâm Học liệu Trường Đại học Cần Thơ